Sports Quiz

Random Sports or Biography Quiz

Formula One: 'K' First Names Match-Up Quiz Stats

Quiz not verified by Sporcle

Challenge
Share
Tweet
Embed
Score 0/11 Timer 01:30
0 Plays Today
% Correct
Kimi
81.3%
Keke
73.7%
Kazuyoshi
66%
Kazuki
64%
Kamui
62.6%
Karun
61.2%
Kevin
60.1%
Kurt
59.2%
Kenny
51.8%
Ken
45.9%
Kunimitsu
39.7%

You're not logged in!

Compare scores with friends on all Sporcle quizzes.
Sign Up with Email
OR
Log In

You Might Also Like...

Show Comments

Extras

Top Quizzes Today


Score Distribution

Your Account Isn't Verified!

In order to create a playlist on Sporcle, you need to verify the email address you used during registration. Go to your Sporcle Settings to finish the process.

Report this User

Report this user for behavior that violates our Community Guidelines.

Details: